| 000 | 00863nam a2200289 a 4500 | ||
|---|---|---|---|
| 001 | 000110117 | ||
| 003 | CHAP | ||
| 005 | 20220329144119.0 | ||
| 008 | 140724s2014 it |r| ||||||eng d | ||
| 010 | _a106579 | ||
| 011 | _a107551 | ||
| 020 | _a9789251080917 | ||
| 040 | _cCHAP | ||
| 082 | 0 | 4 |
_a641.3 _bF33y v.14 |
| 245 | 1 | 0 |
_aCompendium of food additive specifications; Joint FAO/WHO Expert Committee on Food Additives. 77th Meeting 2013 / _cpor FAO. |
| 260 |
_aRoma : _bFAO, _c2014. |
||
| 300 | _aix, 94 p. | ||
| 490 | 1 |
_aFAO. JECFA monographs _v; 14 |
|
| 590 |
_aE5995AHE _b05 _c20140724 _lUCH01 _h0916 |
||
| 590 |
_aE5995AHE _b05 _c20140724 _lUCH01 _h0916 |
||
| 650 | 1 | 4 |
_aAditivos alimenticios. _9907 |
| 710 | 0 |
_aWorld Health Organization. _9122724 |
|
| 830 | 0 |
_aFAO. JECFA monographs _v; 14 _939608 |
|
| 901 | _aBK | ||
| 942 | _cLIBRO | ||
| 942 | _n0 | ||
| 999 |
_c106579 _d106579 |
||